000 00314nam a2200133Ia 4500
005 20260328104324.0
008 260328s9999||||xx |||||||||||||| ||und||
100 _aCoupland, Douglas
245 0 _aCity of Glass /
_cDouglas Coupland
260 _bMclntyre
300 _a152 p.
650 _aVANCOUVER
942 _cBK
999 _c11435
_d11435